[Event "Ste Foy CC-ch"]
[Site "Ste Foy"]
[Date "2019.05.18"]
[Round "2"]
[White "Nafii, Adil"]
[Black "Chabot, Michelin"]
[Result "1-0"]
[WhiteElo "1613"]
[BlackElo "1559"]
[PlyCount "109"]
[EventDate "2019.05.11"]
[EventType "tourn"]
[EventRounds "5"]
[EventCountry "CAN"]
[SourceTitle "EXT 2022"]
[Source "ChessBase"]
[SourceDate "2021.10.06"]
[SourceVersion "1"]
[SourceVersionDate "2021.10.06"]
[SourceQuality "1"]

1. d4 d5 2. c4 c6 3. Nc3 e6 4. Nf3 Bd6 5. a3 Nd7 6. Bg5 Ne7 7. e3 h6 8. Bh4 0-0 9. Rc1 dxc4 10. Bxc4 Nb6 11. Bd3 Bd7 12. 0-0 Rc8 13. Bb1 f6 14. Ne4 Bb8 15. Nc5 Nf5 16. e4 Nxh4 17. Nxh4 g5 18. Nf3 Qc7 19. g3 Rce8 20. Ne1 Bc8 21. a4 Qe7 22. a5 Na8 23. Qb3 Bd6 24. Ned3 Kg7 25. f4 Rf7 26. e5 fxe5 27. fxe5 Rxf1+ 28. Rxf1 Bb8 29. Ne4 Nc7 30. Nb4 Nd5 31. Nxd5 cxd5 32. Nf6 Rf8 33. Qc2 Kh8 34. Rf3 Qc7 35. Nxd5 Qxc2 36. Rxf8+ Kg7 37. Bxc2 Kxf8 38. Nf6 Bc7 39. b4 b6 40. Kf2 Ba6 41. axb6 Bxb6 42. Ke3 Bb5 43. Bb3 Ke7 44. Ng8+ Kd7 45. Nxh6 Bd8 46. Kd2 Be7 47. Kc3 Bf1 48. Ng4 Bh3 49. Nf2 Bf5 50. Bc4 g4 51. Be2 Kc6 52. b5+ Kb6 53. Kc4 a5 54. bxa6 Kxa6 55. Bxg4 1-0

[Event "Ste Foy Petrosian"]
[Site "Ste Foy"]
[Date "2019.04.27"]
[Round "4"]
[White "Lapointe, Daniel"]
[Black "Chabot, Michelin"]
[Result "1-0"]
[WhiteElo "1556"]
[BlackElo "1543"]
[PlyCount "67"]
[EventDate "2019.03.30"]
[EventType "swiss"]
[EventRounds "5"]
[EventCountry "CAN"]
[SourceTitle "EXT 2022"]
[Source "ChessBase"]
[SourceDate "2021.10.06"]
[SourceVersion "1"]
[SourceVersionDate "2021.10.06"]
[SourceQuality "1"]

1. d4 d5 2. c4 c6 3. e3 e6 4. Nf3 Bd6 5. Nc3 Nd7 6. cxd5 cxd5 7. Bd3 Ne7 8. 0-0 0-0 9. Ng5 h6 10. Nf3 a6 11. a3 f5 12. Bd2 Nf6 13. Na4 Ne4 14. Be1 Bd7 15. Rc1 Rc8 16. Nc3 Qb6 17. Rc2 Rc7 18. Nd2 Rfc8 19. Ndb1 Nc6 20. f3 Nxc3 21. Nxc3 Na5 22. Bxf5 Nc4 23. Qe2 Re8 24. Bd3 Nxe3 25. Qxe3 Rxc3 26. bxc3 e5 27. Qd2 Bxa3 28. Kh1 e4 29. fxe4 dxe4 30. Bc4+ Kh8 31. Qe3 Qd8 32. Bg3 Bc6 33. Be5 b5 34. Qxh6# 1-0

[Event "Ste Foy Petrosian"]
[Site "Ste Foy"]
[Date "2018.04.21"]
[Round "3"]
[White "Chabot, Michelin"]
[Black "Chouinard, Etienne"]
[Result "0-1"]
[WhiteElo "1577"]
[BlackElo "1894"]
[PlyCount "98"]
[EventDate "2018.04.07"]
[EventType "swiss"]
[EventRounds "5"]
[EventCountry "CAN"]
[SourceTitle "EXT 2022"]
[Source "ChessBase"]
[SourceDate "2021.10.06"]
[SourceVersion "1"]
[SourceVersionDate "2021.10.06"]
[SourceQuality "1"]

1. d4 d5 2. c4 e6 3. Nc3 Nf6 4. Bg5 Nbd7 5. Nf3 c6 6. e3 Qa5 7. Bd3 dxc4 8. Bxf6 Nxf6 9. Bxc4 Bb4 10. Qc2 b5 11. Bd3 Nd5 12. 0-0 Nxc3 13. Ne5 Bb7 14. Rfc1 Bd6 15. bxc3 Bxe5 16. dxe5 h6 17. Qb2 Qa4 18. Qb4 Qxb4 19. cxb4 f5 20. a4 Rd8 21. Be2 a6 22. Bh5+ Ke7 23. Bf3 Rd2 24. axb5 Rb2 25. bxa6 Ba8 26. Bxc6 Rxb4 27. Bxa8 Rxa8 28. g3 Kd7 29. Rd1+ Ke7 30. Rd6 Ra7 31. Rc1 Re4 32. f4 Rxe3 33. Rcc6 Rd7 34. Rxe6+ Kf7 35. Red6 Rxd6 36. Rxd6 Ke7 37. Rb6 Ra3 38. Rb7+ Ke6 39. a7 g5 40. Rh7 g4 41. Rxh6+ Kd5 42. Rf6 Rxa7 43. Rxf5 Ke4 44. Kf2 Kxf5 45. Ke3 Rh7 46. Kd4 Rxh2 47. Kd5 Rd2+ 48. Kc6 Ke6 49. Kc7 Rd3 0-1

[Event "Ste Foy Jeudi 1"]
[Site "Ste Foy"]
[Date "2017.06.15"]
[Round "3"]
[White "Chabot, Michelin"]
[Black "Desbiens, Raphael"]
[Result "0-1"]
[WhiteElo "1674"]
[BlackElo "1812"]
[PlyCount "98"]
[EventDate "2017.06.01"]
[EventType "swiss"]
[EventRounds "5"]
[EventCountry "CAN"]
[SourceTitle "EXT 2022"]
[Source "ChessBase"]
[SourceDate "2021.10.06"]
[SourceVersion "1"]
[SourceVersionDate "2021.10.06"]
[SourceQuality "1"]

1. e4 e5 2. Nf3 Nc6 3. Bb5 a6 4. Ba4 Nf6 5. d3 b5 6. Bb3 Be7 7. c3 0-0 8. 0-0 d5 9. exd5 Nxd5 10. h3 Bf6 11. Re1 Be6 12. Bc2 Qd7 13. Nbd2 Rad8 14. Ne4 Be7 15. Neg5 Bf5 16. Nh4 f6 17. Nxf5 Qxf5 18. d4 fxg5 19. Bxf5 Rxf5 20. Be3 Kh8 21. Qc2 Rdf8 22. Re2 b4 23. c4 Nxe3 24. fxe3 exd4 25. Qe4 d3 26. Qxd3 Ne5 27. Qc2 Bc5 28. b3 g4 29. h4 g3 30. Qe4 h5 31. Rae1 Ng4 32. Qb1 R8f6 33. Qc1 Rf8 34. Rd1 Rf2 35. Ree1 R8f7 36. Rd8+ Kh7 37. Qb1+ g6 38. Qa1 R2f6 39. Rd5 Bxe3+ 40. Rxe3 Nxe3 41. Rd1 Nxd1 42. Qxd1 Rf1+ 43. Qxf1 Rxf1+ 44. Kxf1 g5 45. hxg5 Kg6 46. Ke2 Kxg5 47. Kf3 h4 48. Ke2 Kf4 49. Kd3 h3 0-1

[Event "Ste Foy Petrossian"]
[Site "Ste Foy"]
[Date "2017.04.08"]
[Round "2"]
[White "Chabot, Michelin"]
[Black "Lessard, Claude"]
[Result "0-1"]
[WhiteElo "1722"]
[BlackElo "2119"]
[PlyCount "52"]
[EventDate "2017.04.01"]
[EventType "swiss"]
[EventRounds "5"]
[EventCountry "CAN"]
[SourceTitle "EXT 2022"]
[Source "ChessBase"]
[SourceDate "2021.10.06"]
[SourceVersion "1"]
[SourceVersionDate "2021.10.06"]
[SourceQuality "1"]

1. e4 c6 2. d4 d5 3. exd5 cxd5 4. h3 Nf6 5. Nf3 Bf5 6. Bd3 Bxd3 7. Qxd3 e6 8. 0-0 Nbd7 9. Re1 Bd6 10. Nc3 Rc8 11. b3 0-0 12. Bd2 a6 13. Re2 Qc7 14. Rae1 Bb4 15. Nb1 Bxd2 16. Rxd2 Ne4 17. Rde2 Ndf6 18. Ne5 Nc3 19. Nxc3 Qxc3 20. Qxc3 Rxc3 21. Rc1 Rfc8 22. f3 Ne8 23. Kf2 Nd6 24. Rd2 R8c7 25. g4 Nb5 26. Rd3 Rxc2+ 0-1

[Event "Ste Foy Morphy"]
[Site "Ste Foy"]
[Date "2017.03.25"]
[Round "5"]
[White "Chabot, Michelin"]
[Black "Sauve, Richard"]
[Result "0-1"]
[WhiteElo "1704"]
[BlackElo "1883"]
[PlyCount "104"]
[EventDate "2017.02.25"]
[EventType "swiss"]
[EventRounds "5"]
[EventCountry "CAN"]
[SourceTitle "EXT 2022"]
[Source "ChessBase"]
[SourceDate "2021.10.06"]
[SourceVersion "1"]
[SourceVersionDate "2021.10.06"]
[SourceQuality "1"]

1. e4 e6 2. d4 d5 3. exd5 exd5 4. Nc3 Bb4 5. Bd2 Nf6 6. Nge2 0-0 7. h3 Re8 8. Be3 Nc6 9. a3 Ba5 10. b4 Bb6 11. Na4 Bf5 12. Nc5 Bxc5 13. bxc5 Ne4 14. c3 Qf6 15. Rc1 Rad8 16. g4 Bg6 17. Bg2 Qh4 18. 0-0 h5 19. Nf4 hxg4 20. Nxg6 fxg6 21. Qxg4 Qxg4 22. hxg4 Rd7 23. Rfd1 Na5 24. Bf1 c6 25. Kg2 Rf7 26. Bd3 Rf6 27. Re1 Rfe6 28. Bf4 Nxc5 29. Rxe6 Nxe6 30. Be5 Kf7 31. f4 Rh8 32. f5 gxf5 33. gxf5 Ng5 34. Rh1 Rxh1 35. Kxh1 Nc4 36. Bb8 a6 37. a4 Kf6 38. Bf4 Ne4 39. Kg2 Nxc3 40. Kf3 Nxa4 41. Kg4 b5 42. Bg5+ Kf7 43. Kf4 Nab6 44. Bd8 a5 45. Be2 a4 46. Bh5+ Kf8 47. Bxb6 Nxb6 48. Ke3 Ke7 49. Kd3 b4 50. Kc2 Nc4 51. Be2 Kf6 52. Bd3 Ne3+ 0-1